| 000 | 03456cam a2200505 a 4500 | ||
|---|---|---|---|
| 001 | ocn794601830 | ||
| 003 | OCoLC | ||
| 005 | 20250131161449.0 | ||
| 006 | m o d | ||
| 007 | cr cnu---unuuu | ||
| 008 | 120601s2013 xx ob 001 0 eng d | ||
| 010 | _a 2012007344 | ||
| 020 |
_a9780124160071 _q(electronic bk.) |
||
| 020 |
_a0124160077 _q(electronic bk.) |
||
| 020 | _a9780123914682 | ||
| 020 | _a012391468X | ||
| 040 |
_aKO _beng |
||
| 041 | 0 | _aeng | |
| 082 | 0 | 4 |
_a658.4/73 _223 |
| 100 | 1 | _aBurges, Dan. | |
| 245 | 1 | 0 |
_aCargo theft, loss prevention, and supply chain security / _cDan Burges. |
| 260 |
_a[Place of publication not identified] : _bButterworth-Heinemann, _c�2013. |
||
| 300 | _a1 online resource | ||
| 338 | _aonline resource | ||
| 520 | _aYou need to determine your company's risk and mitigate their losses. There's little information out there that tells you how to do this, on which methods of predicitve cargo theft modeling to use, and how to develop prevention solutions. Part history of cargo theft, part analysis and part how-to guide, this book is the one source you need to in order to understand every facet of cargo theft and take steps to prevent losses. It supplies a massive amount of cargo theft statistics and provides solutions and best practices to supply chain security. Providing you with cutting-edge techniques so you can prevent losses, this book will help you ensure that your cargo is secure at every stage along the supply chain. . Outlines steps you can take to identify the weakest links in the supply chain and customize a security program to help you prevent thefts and recover losses . Offers detailed explanations of downstream costs in a way that makes sense - including efficiency losses, customer dissatisfaction, product recalls and more - that dramatically inflate the impact of cargo theft incidents. . Provides a complete methodology for use in creating your own customized supply chain security program as well as in-depth analysis of commonly encountered supply chain security problems. | ||
| 504 | _aIncludes bibliographical references and index. | ||
| 505 | 0 | _aCargo theft 101 -- Cargo theft defined -- Risk vs. reward -- Organized criminal groups -- The black market -- International cargo theft -- Product targeting -- High tech -- Pharmaceuticals -- The true impact of cargo theft -- Determining risk -- Roles and responsibilities -- Physical security -- In-transit security -- Active monitoring -- Air cargo security -- Rail and pipeline security -- Cargo theft task forces and organizations -- Beyond security. | |
| 650 | 0 |
_aCargo theft _xPrevention. |
|
| 650 | 0 | _aCargo theft. | |
| 650 | 0 | _aBusiness logistics. | |
| 650 | 6 |
_aVol de marchandises. _0(CaQQLa)201-0225467 |
|
| 650 | 6 |
_aLogistique (Organisation) _0(CaQQLa)201-0024063 |
|
| 650 | 7 |
_aBUSINESS & ECONOMICS _xCorporate Governance. _2bisacsh |
|
| 650 | 7 |
_aBUSINESS & ECONOMICS _xLeadership. _2bisacsh |
|
| 650 | 7 |
_aBUSINESS & ECONOMICS _xOrganizational Development. _2bisacsh |
|
| 650 | 7 |
_aBUSINESS & ECONOMICS _xWorkplace Culture. _2bisacsh |
|
| 650 | 7 |
_aBusiness logistics _2fast _0(OCoLC)fst00842759 |
|
| 650 | 7 |
_aCargo theft _2fast _0(OCoLC)fst00847417 |
|
| 650 | 7 |
_aCargo theft _xPrevention _2fast _0(OCoLC)fst00847418 |
|
| 856 | 4 | 0 |
_3ScienceDirect _uhttps://www.sciencedirect.com/science/book/9780124160071 |
| 904 | _aRUDRA_R | ||
| 905 | _aR_RANJAN | ||
| 942 |
_2ddc _cEB |
||
| 999 |
_c3262 _d3262 |
||